| 000 | 00654nam a22002057a 4500 | ||
|---|---|---|---|
| 003 | 0 | ||
| 005 | 20241018104503.0 | ||
| 008 | 241018b xxu||||| |||| 00| 0 eng d | ||
| 020 | _a9781647254933 | ||
| 050 |
_aP 96 _b.At85 2024 |
||
| 100 |
_aAtkinson, Timothy, _eauthor. |
||
| 245 |
_aTechnology and digital media / _cTimothy Atkinson. |
||
| 260 |
_aForest Hills, NY : _bNY Research Press, _c2024. |
||
| 300 |
_avi, 248 p. : _bcol. ill. ; _c27 cm. |
||
| 504 | _aIncludes bibliographical references and index. | ||
| 650 | _aDigital media. | ||
| 650 |
_aDigital media _vTechnological innovations. |
||
| 650 | _aDigital communications. | ||
| 942 |
_2lcc _cBK |
||
| 999 |
_c366584 _d366584 |
||